000 00746nam a2200205Ia 4500
003 IN-BaIIA
008 211028s9999 xx 000 0 eng d
020 _a978-81-935285-1-8
040 _cIIA Library
080 _a082.2:52
_bASI-14
245 0 _aProceedings of the International workshop on stellar spectral libraries ( IWSSL 2017), February 6-10, 2017, Campos do
_cedited by P. Coelho..[et.al]
260 _aBangalore
_bAstronomical Society of India
_c2017
300 _aviii, 104p.
650 _aSolar system
650 _aStellar spectral libraries
_937081
700 _aCoelho,P., ed.
_937082
700 _aGriffin, E. ed.,
_937083
700 _aMartins,L., ed.
_937084
942 _cBK
999 _c19397
_d19397